Down syndrome : (Record no. 5066)

MARC details
000 -LEADER
fixed length control field 01013cam a2200289 a 4500
001 - CONTROL NUMBER
control field 2452728
003 - CONTROL NUMBER IDENTIFIER
control field OSt
005 - DATE AND TIME OF LATEST TRANSACTION
control field 20210920141840.0
008 - FIXED-LENGTH DATA ELEMENTS--GENERAL INFORMATION
fixed length control field 890613s1990 enka 001 0 eng
010 ## - LIBRARY OF CONGRESS CONTROL NUMBER
LC control number 89015961
020 ## - INTERNATIONAL STANDARD BOOK NUMBER
International Standard Book Number 0192618725 :
Terms of availability $14.92
020 ## - INTERNATIONAL STANDARD BOOK NUMBER
International Standard Book Number 0192619012 (pbk.) :
Terms of availability $8.92
040 ## - CATALOGING SOURCE
Original cataloging agency DLC
Transcribing agency HU
Modifying agency DLC
050 00 - LIBRARY OF CONGRESS CALL NUMBER
Classification number RJ506.D68
Item number S45 1990
082 00 - DEWEY DECIMAL CLASSIFICATION NUMBER
Classification number 618.92/85/8842
Edition number 20
100 1# - MAIN ENTRY--PERSONAL NAME
Personal name Selikowitz, Mark.
9 (RLIN) 5108
245 10 - TITLE STATEMENT
Title Down syndrome :
Remainder of title the facts /
Statement of responsibility, etc. Mark Selikowitz.
260 ## - PUBLICATION, DISTRIBUTION, ETC.
Place of publication, distribution, etc. Oxford ;
-- New York :
Name of publisher, distributor, etc. Oxford University Press,
Date of publication, distribution, etc. 1990.
300 ## - PHYSICAL DESCRIPTION
Extent 205
Other physical details ill. ;
Dimensions 23 cm.
440 #0 - SERIES STATEMENT/ADDED ENTRY--TITLE
Title Oxford medical publications
9 (RLIN) 5109
500 ## - GENERAL NOTE
General note Includes index.
650 #0 - SUBJECT ADDED ENTRY--TOPICAL TERM
Topical term or geographic name entry element Down syndrome
General subdivision Popular works.
9 (RLIN) 5110
856 42 - ELECTRONIC LOCATION AND ACCESS
Materials specified Publisher description
Uniform Resource Identifier <a href="http://www.loc.gov/catdir/enhancements/fy0635/89015961-d.html">http://www.loc.gov/catdir/enhancements/fy0635/89015961-d.html</a>
856 41 - ELECTRONIC LOCATION AND ACCESS
Materials specified Table of contents only
Uniform Resource Identifier <a href="http://www.loc.gov/catdir/enhancements/fy0635/89015961-t.html">http://www.loc.gov/catdir/enhancements/fy0635/89015961-t.html</a>
906 ## - LOCAL DATA ELEMENT F, LDF (RLIN)
a 7
b cbc
c orignew
d 1
e ocip
f 19
g y-gencatlg
942 ## - ADDED ENTRY ELEMENTS (KOHA)
Source of classification or shelving scheme Dewey Decimal Classification
Koha item type Books like text book referance book
Suppress in OPAC No
Holdings
Withdrawn status Lost status Source of classification or shelving scheme Damaged status Not for loan Home library Current library Shelving location Date acquired Total Checkouts Full call number Barcode Date last seen Copy number Price effective from Koha item type
    Dewey Decimal Classification     Natural & Computational Science Library Natural & Computational Science Library General Stacks 09/20/2021   618.958842/SEL NSCLIB00008481 09/20/2021 1 09/20/2021 Books like text book referance book
    Dewey Decimal Classification     Natural & Computational Science Library Natural & Computational Science Library General Stacks 09/20/2021   618.958842/SEL NSCLIB00008482 09/20/2021 2 09/20/2021 Books like text book referance book